书目信息 |
| 题名: |
尼日利亚地理区
|
|
| 作者: | 乌多 , Udo 著 ;中国科学院地理研究所英文翻译组 译 | |
| 分册: | ||
| 出版信息: | 北京 商务印书馆 1978 |
|
| 页数: | 320页 | |
| 开本: | 26cm | |
| 丛书名: | ||
| 单 册: | ||
| 中图分类: | K437.09 | |
| 科图分类: | ||
| 主题词: | 地理--尼日利亚 , 西非--历史 | |
| 电子资源: | ||
| ISBN: | ||
| 000 | 00912nam0 2200289 45 | |
| 001 | 0178002706 | |
| 005 | 20060720171444.45 | |
| 010 | @dCNY1.90 | |
| 091 | @a12017.226 | |
| 100 | @a19950725d1978 em y0chiy0121 ea | |
| 101 | 1 | @achi@ceng |
| 102 | @aCN@b110000 | |
| 105 | @ay z 000yy | |
| 200 | 10 | @a尼日利亚地理区@Ani ri li ya di li qu@f(尼日利亚)乌多(R.K.Udo)著@g中国科学院地理研究所英文翻译组译 |
| 210 | @a北京@c商务印书馆@d1978 | |
| 215 | @a320页@d26cm | |
| 300 | @a书名原文:Geographical regions of Nigeria. | |
| 300 | @a内部发行 | |
| 510 | 1 | @aGeographical regions of Nigeria@zeng |
| 606 | @a地理@y尼日利亚 | |
| 606 | 0 | @a西非@x历史 |
| 690 | @aK437.09 | |
| 701 | 1 | @a乌多@Awu duo@bR.K.@4著 |
| 701 | A1 | @aUdo@bR.K.@4著 |
| 712 | 02 | @a中国科学院地理研究所英文翻译组@Azhong guo ke xue yuan di li yan jiu suoying wen fan yi zu@4译 |
| 801 | 0 | @aCN@bNLC@c20060720 |
| 905 | @f1@b1231@dK437.09@e1 | |
| 尼日利亚地理区/(尼日利亚)乌多(R.K.Udo)著/中国科学院地理研究所英文翻译组译.-北京:商务印书馆,1978 |
| 320页;26cm |
| 书名原文:Geographical regions of Nigeria.-内部发行 |
| ISBN :CNY1.90 |
| ● |
| 相关链接 |
|
|
|
|
正题名:尼日利亚地理区
索取号:K437.09/1
 
预约/预借
| 序号 | 登录号 | 条形码 | 馆藏地/架位号 | 状态 | 备注 |
| 1 | 0001231 | 001926250 | 密集书库/ [索取号:K437.09/1] | 在馆 | |
| 2 | 0434681 | 204346813 | 密集书库/ [索取号:K437.09/1] | 在馆 |